000 01369nam a22002897a 4500
005 20170410153431.0
008 140714b xxu||||| |||| 00| 0 Urdu d
010 _aUR-8623 B-548008-011 B-665899
020 _a9789350731185
_c180.00
035 _aU-7178 B-548008-011 B-665899
037 _bBPPD/Pub/Ven
037 _bDBAD/Pub.
037 _bPansy Books(Vend.)/Edu pub.House(Pub.)
040 _aDPL
_bUrdu
082 _aن
100 _aشا يستہ فا خر ی
245 _aنا د يد ہ بہا ر و ن کے نشا ن:نا و ل
_cشا يستہ فا خر ی
246 _aNadeeda Baharon ke Nishan (Novel)
_bby Shaista Fakhri
260 _aد ھلی
_bا يجو کيشنل پبليشنگ ہا ؤس
_c2013
260 _bPansy Books(Vender)
270 _a3108،و کيل اسٹر يٹ ،کو چہ پنڈ ت ،لال کنو ا ن
_bد ھلی
_e110006
_k23216162،23214465
270 _aR2,/66/A Somesh Vihar,Chhawala
_bNew Delhi
_e110071
_k01125317355
300 _a160ص
_c22Cm (Hb)
942 _2ddc
_cUR
_e
_hن
_mش ا ء
999 _c87358
_d87358